|
|
|
|
| LEADER |
01662cas a2200241 a 4500 |
| 001 |
AALejournalIMF004939 |
| 008 |
230101c9999 xx r poo 0 0eng d |
| 020 |
|
|
|c 5.00 USD
|
| 020 |
|
|
|z 9781451836141
|
| 022 |
|
|
|a 1934-7685
|
| 040 |
|
|
|a BD-DhAAL
|c BD-DhAAL
|
| 110 |
2 |
|
|a International Monetary Fund.
|
| 245 |
1 |
0 |
|a Kingdom of Swaziland :
|b Selected Issues and Statistical Appendix.
|
| 264 |
|
1 |
|a Washington, D.C. :
|b International Monetary Fund,
|c 2008.
|
| 300 |
|
|
|a 1 online resource (106 pages)
|
| 490 |
1 |
|
|a IMF Staff Country Reports
|
| 500 |
|
|
|a <strong>Off-Campus Access:</strong> No User ID or Password Required
|
| 500 |
|
|
|a <strong>On-Campus Access:</strong> No User ID or Password Required
|
| 506 |
|
|
|a Electronic access restricted to authorized BRAC University faculty, staff and students
|
| 520 |
3 |
|
|a The current high Southern African Customs Unions revenues should be used to implement fiscal measures to secure fiscal sustainability and support economic growth. The government should formulate a financial sector strategy that addresses Swaziland's twin challenges of enhancing financial development and ensuring financial stability. Compounding the threat to exports of sugar and textiles is the looming issue of remaining competitive in a quickly changing global environment. The statistics on export and import, gross domestic product, assets and liabilities, and other such data have also been provided.
|
| 538 |
|
|
|a Mode of access: Internet
|
| 830 |
|
0 |
|a IMF Staff Country Reports; Country Report ;
|v No. 2008/086
|
| 856 |
4 |
0 |
|z Full text available on IMF
|u http://elibrary.imf.org/view/journals/002/2008/086/002.2008.issue-086-en.xml
|z IMF e-Library
|